| 000 | 00000nam##2200000za#4500 |
| 001 | 9.651415 |
| 003 | CaOODSP |
| 005 | 20250319162503 |
| 007 | ta |
| 008 | 150407|2009||||xxc||||| f|0| 0 eng|d |
| 020 | |a978-1-100-11501-6 |
| 040 | |aCaOODSP|beng |
| 043 | |an-cn--- |
| 086 | 1 |aA118-18/2009E |
| 110 | 1 |aCanada. |bAgriculture and Agri-Food Canada. |
| 245 | 10|aAgriInvest : |bthe Business Risk Management suite of programs |
| 260 | |aWinnipeg - Manitoba : |bAgriculture and Agri-Food Canada |cc2009. |
| 300 | |a1 folded sheet [8]p. : |bphotographs ; |c22 cm. |
| 563 | |aPamphlet |
| 590 | |a09-46|b2009-11-13 |
| 690 | 07|aAgricultural assistance|2gcpds |
| 690 | 07|aCrop insurance|2gcpds |
| 690 | 07|aRisk management|2gcpds |
| 775 | 08|tAgri-investissement : |w(CaOODSP)9.684443 |
| 776 | 0#|tAgriInvest : |w(CaOODSP)9.691675 |
| 986 | |aAAFC No. 10728E |